[Event "POLFINAL MISTRZOSTW POLSKI JUNIOROW 2017 - C15"]
[Site "Jastrzebia Gora"]
[Date "2017-11-19"]
[Round "6.10"]
[White "Zolkiewski, Jakub"]
[Black "Lendzion, Kamil"]
[Result "1/2-1/2"]
[WhiteTitle "I"]
[BlackTitle "II"]
[WhiteElo "1774"]
[BlackElo "1687"]

1. d4 d5 2. c4 e6 3. Nf3 Nf6 4. g3 Be7 5. Bg2 c6 6. O-O O-O 7. Qc2 Nbd7 8. Nbd2
b6 9. e4 dxe4 10. Nxe4 Nxe4 11. Qxe4 Nf6 12. Qe2 Bb7 13. Rd1 Qc7 14. Bf4 Bd6 15.
Be5 Qe7 16. Qc2 h6 17. Rac1 Rac8 18. Qa4 a6 19. c5 Bxe5 20. dxe5 Nd5 21. cxb6
Nxb6 22. Qa5 Nd5 23. Rc5 Rc7 24. Rdc1 Rfc8 25. Nd4 Qd7 26. Qa4 Nb6 27. Qb4 Nd5
28. Qd2 Kh7 29. a3 g6 30. Nb3 Ba8 31. Na5 Ne7 32. Qc2 Rb8 33. b4 Rb5 34. Nb3 Nd5
35. Bf1 Rb6 36. Nd2 Ra7 37. Ne4 Kg7 38. Nd6 Rb8 39. Bh3 Kh7 40. Qe2 Nc7 41. Rd1
Rd8 42. Bg4 Qe7 43. Qf3 Kg7 44. Ne4 Rxd1+ 45. Qxd1 Nb5 46. a4 Rd7 47. Qe2 Nc7
1/2-1/2

[Event "POLFINAL MISTRZOSTW POLSKI JUNIOROW 2017 - C15"]
[Site "Jastrzebia Gora"]
[Date "2017-11-19"]
[Round "6.11"]
[White "Kucharski, Bartlomiej"]
[Black "Distel, Pawel"]
[Result "1/2-1/2"]
[WhiteTitle "I"]
[BlackTitle "II+"]
[WhiteElo "1946"]
[BlackElo "1573"]

1. e4 e6 2. d3 d5 3. Nd2 c5 4. Ngf3 Nc6 5. g3 Bd6 6. Bg2 Nge7 7. O-O O-O 8. Re1
Qc7 9. c3 f6 10. d4 cxd4 11. Nxd4 e5 12. Nb5 Qd7 13. exd5 Nd8 14. Nxd6 Qxd6 15.
c4 Bf5 16. Ne4 Bxe4 17. Bxe4 b6 18. b3 Nb7 19. f4 Rae8 20. fxe5 fxe5 21. Qc2 g6
22. a4 a5 23. Ba3 Nc5 24. Rab1 Nf5 25. Bxf5 Rxf5 26. b4 axb4 27. Bxb4 Qc7 28.
Rf1 Ref8 29. Rxf5 Rxf5 30. Rd1 Qd7 31. a5 Na6 32. Be1 bxa5 33. Bxa5 Qd6 34. Be1
Nc5 35. Bb4 Qb6 36. Bxc5 Qxc5+ 37. Kg2 Qe3 38. Rf1 Rxf1 39. Kxf1 Qf3+ 40. Kg1
Qe3+ 41. Kg2 e4 42. d6 Qf3+ 43. Kg1 Qe3+ 44. Qf2 Qc1+ 45. Kg2 Qxc4 46. Qd2 e3
47. Qxe3 Qd5+ 48. Kg1 1/2-1/2

[Event "POLFINAL MISTRZOSTW POLSKI JUNIOROW 2017 - C15"]
[Site "Jastrzebia Gora"]
[Date "2017-11-19"]
[Round "6.12"]
[White "Kukula, Karol"]
[Black "Cisek, Kamil"]
[Result "1/2-1/2"]
[WhiteTitle "I"]
[BlackTitle "I"]
[WhiteElo "1778"]
[BlackElo "1562"]

1. e4 e5 2. Nf3 Nc6 3. Nc3 Nf6 4. Bb5 Bb4 5. O-O O-O 6. d3 Bxc3 7. bxc3 d6 8. Bg5
Qe7 9. Re1 Nd8 10. d4 Ne6 11. Bc1 Rd8 12. Bf1 Nf8 13. Ba3 Ng6 14. Bc4 Be6 15.
dxe5 Bxc4 16. exf6 Qxf6 17. Qd4 Qe6 18. Ng5 Qg4 19. Qxc4 Qxg5 20. Bc1 Qe7 21.
Rb1 Ne5 22. Qb3 Rab8 23. c4 Qe6 24. Bf4 Nxc4 25. Qc3 b5 26. f3 a5 27. Red1 b4
28. Qb3 Na3 29. Rbc1 Qxb3 30. cxb3 Nb5 31. Rc6 Rb6 32. Rxb6 cxb6 33. Be3 1/2-1/2

[Event "POLFINAL MISTRZOSTW POLSKI JUNIOROW 2017 - C15"]
[Site "Jastrzebia Gora"]
[Date "2017-11-19"]
[Round "6.13"]
[White "Grochol, Kamil"]
[Black "Socha, Kamil"]
[Result "1/2-1/2"]
[WhiteTitle "I"]
[BlackTitle "II"]
[WhiteElo "1739"]
[BlackElo "1526"]

1. e4 e5 2. Nf3 Nf6 3. Nxe5 d6 4. Nf3 Nxe4 5. Nc3 Nxc3 6. dxc3 Be7 7. Bf4 Nc6 8.
Qd2 Bf5 9. Bd3 Bg6 10. O-O-O Qd7 11. Kb1 O-O-O 12. Rhe1 Kb8 13. Nd4 Nxd4 14. cxd4
Bxd3 15. Qxd3 d5 16. Qg3 Bf6 17. Be5 Bxe5 18. Rxe5 f6 19. Re3 Rhe8 20. Rde1 a6
21. c3 Rxe3 22. Qxe3 c6 23. Kc2 Qf5+ 24. Kd2 Kc8 25. Qe6+ Qxe6 26. Rxe6 Kd7 27.
Re3 g6 28. f4 f5 29. Re5 Re8 30. Ke3 Re6 31. Kf3 Ke7 32. h3 Kf6 33. Kg3 h6 34.
h4 h5 35. Kf3 Kf7 36. Ke3 Ke7 37. Kd3 Kd6 38. c4 b5 39. cxb5 cxb5 40. Kc3 a5 1/2-1/2

[Event "POLFINAL MISTRZOSTW POLSKI JUNIOROW 2017 - C15"]
[Site "Jastrzebia Gora"]
[Date "2017-11-19"]
[Round "6.14"]
[White "Bojczewski, Mateusz"]
[Black "Gazda, Dominik"]
[Result "1-0"]
[WhiteTitle "II"]
[BlackTitle "II+"]
[WhiteElo "1634"]
[BlackElo "1512"]

1. e4 e5 2. Nf3 Nc6 3. Bc4 Bc5 4. c3 Nf6 5. d4 exd4 6. cxd4 Bb4+ 7. Bd2 Bxd2+ 8.
Nbxd2 d6 9. O-O O-O 10. Qc2 Ne7 11. Rfe1 Ng6 12. Qb3 c6 13. e5 d5 14. Bd3 Nh5
15. Bxg6 hxg6 16. Qe3 f5 17. g3 f4 18. Qb3 Qe7 19. Nh4 Qf7 20. Qd3 fxg3 21. fxg3
Qf2+ 22. Kh1 Nf4 23. Qe3 Nh3 24. Nxg6 Qxe3 25. Rxe3 Rf2 26. Ne7+ Kh7 27. Nxc8
Rxc8 28. Rae1 Kg8 29. g4 Ng5 30. h4 Ne6 31. Rf3 Rf8 32. Rxf8+ Kxf8 33. Rf1 Rxf1+
34. Nxf1 Nxd4 35. Kg2 Kf7 36. Ng3 Ke6 37. Nh5 g5 38. hxg5 Kxe5 39. g6 Kd6 40.
Kf2 Ke7 41. a3 Ne6 42. Ke3 c5 43. Kd3 b5 44. g7 Kf7 45. g8=Q+ Kxg8 46. Nf6+ Kf7
47. Nxd5 Kg6 48. Ke4 Kg5 49. Ne3 Nf4 50. Nd5 Ne6 51. Ke5 Nd4 52. Ne3 b4 53. a4
Nb3 54. Kd5 a6 55. Kc4 Nd2+ 56. Kxc5 a5 57. Kb5 Nb3 58. Nc4 Kxg4 59. Nxa5 Nd4+
60. Kxb4 Kf4 61. Nb7 Ke5 62. Kc5 1-0

[Event "POLFINAL MISTRZOSTW POLSKI JUNIOROW 2017 - C15"]
[Site "Jastrzebia Gora"]
[Date "2017-11-19"]
[Round "6.15"]
[White "Marciniak, Leonard"]
[Black "Golinski, Kacper"]
[Result "1/2-1/2"]
[WhiteTitle "II"]
[BlackTitle "II+"]
[WhiteElo "1420"]
[BlackElo "1633"]

1. Nf3 Nf6 2. g3 d5 3. Bg2 e6 4. c4 c6 5. b3 Be7 6. Bb2 b5 7. cxb5 cxb5 8. O-O
Bb7 9. d4 O-O 10. e3 Nbd7 11. Nbd2 Rc8 12. Ne5 Qb6 13. a3 a5 14. Rc1 Rxc1 15.
Qxc1 Rc8 16. Qb1 b4 17. a4 Nxe5 18. dxe5 Nd7 19. Rc1 Bc5 20. Nf3 h6 21. Bd4 Bxd4
22. exd4 Rc6 23. Bf1 Ba6 24. Rxc6 Qxc6 25. Bxa6 Qxa6 26. Qc2 Qb7 27. Ne1 Qa6 28.
f4 Qa7 29. Nf3 g5 30. h3 gxf4 31. gxf4 Nf8 32. Kf2 Ng6 33. Ke3 1/2-1/2

[Event "POLFINAL MISTRZOSTW POLSKI JUNIOROW 2017 - C15"]
[Site "Jastrzebia Gora"]
[Date "2017-11-19"]
[Round "6.16"]
[White "Skowron, Mateusz"]
[Black "Ugrewicz, Ludwik"]
[Result "0-1"]
[WhiteTitle "I"]
[BlackTitle "II"]
[WhiteElo "1616"]
[BlackElo "1429"]

1. e4 e5 2. Nf3 Nc6 3. Bb5 a6 4. Ba4 Nf6 5. O-O Be7 6. Re1 b5 7. Bb3 O-O 8. c3
d5 9. exd5 Nxd5 10. Nxe5 Nxe5 11. Rxe5 c6 12. d4 Bd6 13. Re1 Qh4 14. g3 Qh3 15.
Qf3 Bg4 16. Qg2 Qh5 17. Bxd5 cxd5 18. Be3 Rae8 19. Nd2 Re6 20. f3 Bh3 21. Qf2
Rg6 22. Nf1 f5 23. Bd2 f4 24. g4 Bxg4 25. fxg4 Rxg4+ 26. Kh1 f3 27. Re5 Bxe5 28.
dxe5 Rg2 29. Qd4 Qh3 30. Qxd5+ Kh8 31. Bf4 Rxh2+ 32. Bxh2 Qg2# 0-1

[Event "POLFINAL MISTRZOSTW POLSKI JUNIOROW 2017 - C15"]
[Site "Jastrzebia Gora"]
[Date "2017-11-19"]
[Round "6.17"]
[White "Seredyn, Dominik"]
[Black "Maciejewski, Kamil"]
[Result "0-1"]
[WhiteTitle "II"]
[BlackTitle "I"]
[WhiteElo "1472"]
[BlackElo "1778"]

1. e4 e6 2. d4 d5 3. Nd2 Nf6 4. e5 Nfd7 5. Bd3 c5 6. c3 Nc6 7. Ndf3 Be7 8. Ne2
cxd4 9. cxd4 O-O 10. O-O f5 11. exf6 Nxf6 12. a3 Bd6 13. Bc2 e5 14. dxe5 Nxe5
15. Nxe5 Bxe5 16. Qd3 g6 17. Nf4 Bxf4 18. Bxf4 Bf5 19. Qb3 Bxc2 20. Qxc2 Qc8 21.
Qxc8 Raxc8 22. Rac1 Kf7 23. Be3 a6 24. Rfd1 Rfd8 25. Kf1 Rc6 26. h3 Rdc8 27. Ke2
Ke6 28. Kd3 Ne4 29. f3 Nf2+ 30. Bxf2 Rxc1 31. Rd2 Re8 32. Be3 Rc4 33. Bd4 b5 34.
f4 Kd7 35. Be5 g5 36. g3 gxf4 37. gxf4 Rg8 38. Ke3 Ke6 39. Kf3 Rc1 40. Rg2 Rf1+
41. Rf2 Rxf2+ 42. Kxf2 Kf5 43. Kf3 h5 44. Ke3 Rg3+ 45. Kd4 Rxh3 46. Kxd5 h4 0-1

[Event "POLFINAL MISTRZOSTW POLSKI JUNIOROW 2017 - C15"]
[Site "Jastrzebia Gora"]
[Date "2017-11-19"]
[Round "6.18"]
[White "Jankowski, Igor"]
[Black "Dytman, Radoslaw"]
[Result "0-1"]
[WhiteTitle "II"]
[BlackTitle "I"]
[WhiteElo "1409"]
[BlackElo "1708"]

1. d4 Nf6 2. Bg5 Ne4 3. Bh4 d5 4. Nd2 Bf5 5. Nxe4 Bxe4 6. Nf3 f6 7. e3 e6 8. Bd3
Bxd3 9. Qxd3 c5 10. O-O Nc6 11. c3 Bd6 12. dxc5 Bxc5 13. Nd4 Qd7 14. Rad1 O-O
15. f4 e5 16. Nb3 Bb6 17. Bf2 Rad8 18. e4 d4 19. cxd4 Nxd4 20. Nxd4 Bxd4 21. Kh1
Qa4 22. b3 Qc6 23. Rc1 Qb6 24. Qc4+ Kh8 25. Bxd4 Rxd4 26. Qe2 exf4 27. Rxf4 Re8
28. Qh5 g6 29. Qh6 Qd6 30. Rff1 Rdxe4 31. Qh3 Qe6 32. Qf3 Kg7 33. h3 Qe5 34. Rcd1
Re7 35. Rd2 g5 36. Rd5 Qe6 37. Rf5 Re1 38. Rxe1 Qxe1+ 39. Kh2 Qe4 40. Qf2 b6 41.
Rf3 h5 42. g3 Re6 43. Qg2 g4 44. hxg4 hxg4 45. Rf2 Qxg2+ 46. Kxg2 Kg6 47. Rd2
Kf5 48. Kf2 Rc6 49. Re2 Rc3 50. Kg2 Rc5 51. Kf2 Re5 52. Rc2 Rd5 53. Re2 Kg5 54.
Rc2 Rc5 55. Rd2 f5 56. a3 Rc3 57. Rb2 f4 58. gxf4+ Kxf4 59. a4 Rf3+ 60. Kg2 Ke4
61. b4 Kd4 62. a5 b5 63. Rb1 Kc4 64. a6 Rf6 65. Kg3 Rxa6 66. Kxg4 Ra4 67. Kf3
Rxb4 68. Rc1+ Kd3 69. Ra1 Ra4 70. Rb1 b4 71. Kf2 Kd2 72. Re1 0-1

[Event "POLFINAL MISTRZOSTW POLSKI JUNIOROW 2017 - C15"]
[Site "Jastrzebia Gora"]
[Date "2017-11-19"]
[Round "6.20"]
[White "Brzozowski, Pawel"]
[Black "Swiatek, Mateusz"]
[Result "1/2-1/2"]
[WhiteTitle "II+"]
[BlackTitle "II"]
[WhiteElo "1521"]
[BlackElo "1190"]

1. e4 c5 2. Nf3 e6 3. d4 cxd4 4. Nxd4 a6 5. c4 Nc6 6. Nc3 Qc7 7. Be3 Nf6 8. Be2
Bb4 9. f3 Bxc3+ 10. bxc3 O-O 11. O-O d6 12. g4 Bd7 13. g5 Ne8 14. f4 e5 15. Nf5
Bxf5 16. exf5 exf4 17. Rxf4 Ne5 18. Bd3 Qa5 19. Bd4 g6 20. Qf1 Nxd3 21. Qxd3 Ng7
22. Bxg7 Kxg7 23. f6+ Kh8 24. Qg3 Rg8 25. Rh4 h5 26. Qg4 Rge8 27. Rxh5+ gxh5 28.
Qxh5+ Kg8 29. Qh6 Qc5+ 30. Kh1 Qc6+ 31. Kg1 Qc5+ 32. Kh1 1/2-1/2

[Event "POLFINAL MISTRZOSTW POLSKI JUNIOROW 2017 - C15"]
[Site "Jastrzebia Gora"]
[Date "2017-11-19"]
[Round "6.21"]
[White "Wilgosz, Jan"]
[Black "Zurawicki, Jakub"]
[Result "0-1"]
[WhiteTitle "II"]
[BlackTitle "II+"]
[WhiteElo "1144"]
[BlackElo "1541"]

1. e4 e6 2. d4 d5 3. exd5 exd5 4. c4 dxc4 5. Bxc4 Nf6 6. Nc3 Be7 7. Nf3 O-O 8.
O-O Bg4 9. Be3 c6 10. h3 Bh5 11. g4 Bg6 12. Ne5 Nbd7 13. f4 Nxe5 14. dxe5 Nd7
15. f5 Nxe5 16. Qxd8 Rfxd8 17. Be2 Bxf5 18. gxf5 Nd3 19. Bxd3 Rxd3 20. Rfe1 Bf6
21. Rac1 h6 22. Kg2 a6 23. Rc2 Re8 24. Nd1 Bh4 25. Rf2 Bxf2 26. Kxf2 Rd5 27. Nc3
Rxf5+ 28. Kg3 Rfe5 29. Kf2 f5 30. Na4 f4 31. Bd2 Rxe1 32. Bxe1 g5 33. Bd2 Rd8
34. Bc3 Rd5 35. Nb6 Rd3 36. Kg2 Rg3+ 37. Kh2 h5 38. Be5 Re3 39. Nd7 Kf7 40. Bb8
Re2+ 41. Kg1 Rxb2 42. Ne5+ Kf6 43. Nd7+ Kf5 44. a4 Ke4 45. Nf6+ Kf3 46. Nxh5 c5
47. Be5 Rb1+ 48. Kh2 b5 49. axb5 axb5 50. Nf6 c4 51. Nd5 b4 52. Bf6 g4 53. hxg4
Kxg4 54. Kg2 c3 55. Bxc3 bxc3 56. Nxc3 Rb2+ 57. Kf1 f3 58. Ne4 Kf4 59. Nc3 Rc2
60. Nd5+ Kg3 0-1

[Event "POLFINAL MISTRZOSTW POLSKI JUNIOROW 2017 - C15"]
[Site "Jastrzebia Gora"]
[Date "2017-11-19"]
[Round "6.22"]
[White "Kinczewski, Franciszek"]
[Black "Zlotek, Mikolaj"]
[Result "0-1"]
[WhiteTitle "II"]
[BlackTitle "II"]
[WhiteElo "1448"]
[BlackElo "1463"]

1. e4 e6 2. d4 d5 3. exd5 exd5 4. c3 Bd6 5. Be3 Nf6 6. Bd3 O-O 7. Qc2 Re8 8. Ne2
h6 9. Nd2 Be6 10. h3 Nbd7 11. g4 c5 12. g5 hxg5 13. Bxg5 Qb6 14. dxc5 Bxc5 15.
O-O-O Bxf2 16. Nf4 Be3 17. Nxe6 Rxe6 18. Bxe3 Qxe3 19. Bf5 Re7 20. Rhg1 Rae8 21.
h4 Nc5 22. Rgf1 Qh6 23. Kb1 Re2 24. Bd3 Nxd3 25. Qxd3 Qxh4 26. Rh1 Qf4 0-1

[Event "POLFINAL MISTRZOSTW POLSKI JUNIOROW 2017 - C15"]
[Site "Jastrzebia Gora"]
[Date "2017-11-19"]
[Round "6.23"]
[White "Sandomierski, Cyprian"]
[Black "Stefanski, Adam"]
[Result "0-1"]
[WhiteTitle "II"]
[BlackTitle "II+"]
[WhiteElo "1257"]
[BlackElo "1370"]

1. e4 d6 2. d4 g6 3. Bc4 Bg7 4. Nc3 Nf6 5. Nge2 O-O 6. f3 Nbd7 7. Be3 e5 8. d5
Nb6 9. b3 Nxc4 10. bxc4 Ne8 11. a4 b6 12. a5 Bd7 13. a6 f5 14. O-O f4 15. Bf2
h5 16. Qd3 Qg5 17. Rfb1 Bh3 18. g3 fxg3 19. hxg3 h4 20. Kh2 hxg3+ 21. Bxg3 Qh5
22. Kg1 Rxf3 23. Qd1 Rf1+ 24. Qxf1 Bxf1 25. Rxf1 Nf6 26. Rf2 Ng4 27. Nf4 exf4
28. Nb5 Nxf2 29. Nxc7 fxg3 0-1

[Event "POLFINAL MISTRZOSTW POLSKI JUNIOROW 2017 - C15"]
[Site "Jastrzebia Gora"]
[Date "2017-11-19"]
[Round "6.24"]
[White "Jaszczuk, Mateusz"]
[Black "Kutylo, Konrad"]
[Result "0-1"]
[WhiteTitle "II+"]
[BlackTitle "II"]
[WhiteElo "1389"]
[BlackElo "1405"]

1. c4 Nf6 2. Nc3 c5 3. Nf3 Nc6 4. d4 cxd4 5. Nxd4 Nxd4 6. Qxd4 d6 7. g3 g6 8. Bg2
Bg7 9. O-O O-O 10. Qd2 Qc7 11. b3 Be6 12. Bb2 a6 13. Rac1 Rfd8 14. Nd5 Bxd5 15.
cxd5 Qd7 16. Rc4 Rdc8 17. Rfc1 Rxc4 18. Rxc4 Rc8 19. Qc2 Rxc4 20. Qxc4 Ne8 21.
Bxg7 Kxg7 22. e4 Qc7 23. Qxc7 Nxc7 24. Bf1 Kf6 25. f4 e6 26. dxe6 fxe6 27. Kf2
e5 28. Bc4 b5 29. Bg8 Kg7 30. Bd5 Nxd5 31. exd5 exf4 32. gxf4 Kf6 33. b4 Kf5 34.
Kf3 g5 35. fxg5 Kxg5 36. Ke4 h5 37. Kf3 Kf5 38. Kg3 Ke5 39. Kh4 Kxd5 40. Kxh5
Ke4 41. Kg5 d5 42. h4 d4 43. h5 d3 44. h6 d2 45. h7 d1=Q 46. h8=Q Qd2+ 47. Kg6
Qd6+ 48. Kf7 Qf4+ 49. Kg6 0-1

[Event "POLFINAL MISTRZOSTW POLSKI JUNIOROW 2017 - C15"]
[Site "Jastrzebia Gora"]
[Date "2017-11-19"]
[Round "6.25"]
[White "Sapinski, Sebastian"]
[Black "Dziodko, Mateusz"]
[Result "1-0"]
[WhiteTitle "II"]
[BlackTitle "II"]
[WhiteElo "1361"]
[BlackElo "1075"]

1. e4 e5 2. Nf3 Nc6 3. Bb5 d6 4. c3 Bd7 5. d4 exd4 6. cxd4 a6 7. Ba4 Nf6 8. Nc3
h6 9. h3 Be7 10. O-O O-O 11. a3 Na7 12. Bc2 Nb5 13. Re1 Re8 14. Qd3 Nh7 15. e5
Nf8 16. a4 Nxc3 17. bxc3 dxe5 18. Nxe5 Bd6 19. Bf4 Bxe5 20. Rxe5 Rxe5 21. Bxe5
Bc6 22. Qg3 Ne6 23. Bf5 Qg5 24. Bxe6 fxe6 25. Qxg5 hxg5 26. Bxc7 Kf7 27. c4 Bd7
28. Rb1 Bc6 29. f3 Kg6 30. Be5 Kf7 31. Kf2 g6 32. Kg3 Bxa4 33. Rxb7+ Kf8 34. Rh7
Be8 35. Kg4 Bf7 36. Kxg5 a5 37. Kf6 Ra7 38. Rh8+ Bg8 39. Bd6+ Ke8 40. Rxg8+ Kd7
41. Rg7+ Kxd6 42. Rxa7 1-0

[Event "POLFINAL MISTRZOSTW POLSKI JUNIOROW 2017 - C15"]
[Site "Jastrzebia Gora"]
[Date "2017-11-19"]
[Round "7.1"]
[White "Ossolinski, Ziemowit"]
[Black "Strzelecki, Maciej"]
[Result "0-1"]
[WhiteTitle "I"]
[BlackTitle "I"]
[WhiteElo "1865"]
[BlackElo "1929"]

1. e4 c5 2. Nf3 d6 3. d4 cxd4 4. Nxd4 Nf6 5. f3 e5 6. Nb3 d5 7. Bg5 d4 8. c3 Nc6
9. Bb5 h6 10. Bh4 Qb6 11. Bxc6+ bxc6 12. cxd4 Ba6 13. Bf2 Rd8 14. d5 Qb5 15. Nc3
Bb4 16. Qc2 cxd5 17. exd5 Rxd5 18. a4 Qc4 19. Nc1 O-O 20. N1e2 Rfd8 21. Be3 Rd3
22. Bc1 Nd5 23. Bd2 Nxc3 24. Bxc3 Bxc3+ 25. Nxc3 Qd4 26. Ne4 Qe3+ 0-1

[Event "POLFINAL MISTRZOSTW POLSKI JUNIOROW 2017 - C15"]
[Site "Jastrzebia Gora"]
[Date "2017-11-19"]
[Round "7.2"]
[White "Dzwierzynski, Bartosz"]
[Black "Iwanczuk, Krzysztof"]
[Result "1/2-1/2"]
[WhiteTitle "I"]
[BlackTitle "II"]
[WhiteElo "1851"]
[BlackElo "1408"]

1. d4 Nf6 2. c4 e5 3. dxe5 Ng4 4. Bf4 Nc6 5. Nf3 Bb4+ 6. Nbd2 Qe7 7. e3 Ngxe5 8.
Nxe5 Nxe5 9. Be2 Ng6 10. Bg3 Bd6 11. Bxd6 Qxd6 12. Nf3 Qe7 13. Qd2 d6 14. Rc1
a5 15. O-O O-O 16. Qc3 Rd8 17. h3 Nh4 18. Qd4 Nxf3+ 19. Bxf3 c6 20. Rfd1 Be6 21.
Rd2 Qg5 22. Kh1 Qe5 23. Rcd1 Qxd4 24. Rxd4 Kf8 25. Be2 Ke7 26. e4 f6 27. Kg1 a4
28. a3 Ra5 29. Kf1 Rc5 30. Ke1 b5 1/2-1/2

[Event "POLFINAL MISTRZOSTW POLSKI JUNIOROW 2017 - C15"]
[Site "Jastrzebia Gora"]
[Date "2017-11-19"]
[Round "7.3"]
[White "Posluszny, Tomasz"]
[Black "Warchol, Bartosz"]
[Result "0-1"]
[WhiteTitle "I"]
[BlackTitle "I++"]
[WhiteElo "1655"]
[BlackElo "1963"]

1. d4 d5 2. c4 dxc4 3. e4 e5 4. d5 Nf6 5. Nc3 Bc5 6. Qa4+ Nbd7 7. Be2 O-O 8. Qxc4
Qe7 9. Bg5 Qd6 10. Bh4 a6 11. a4 b5 12. Qd3 b4 13. Nd1 a5 14. Nf3 Ba6 15. Qb1
Bxe2 16. Kxe2 Qa6+ 17. Qd3 Nxe4 18. Ne3 f5 19. Qxa6 Rxa6 20. Rac1 h6 21. Be7 Bxe7
22. Rxc7 Nec5 23. Nxe5 Nxe5 24. Rxe7 Ng6 25. Rc7 Nxa4 26. Nc4 Nf4+ 27. Kf3 Nxd5
28. Rd7 Ndb6 29. Rd6 Nxc4 30. Rxa6 Naxb2 31. Re1 Rf7 32. Ra8+ Kh7 33. h4 Kg6 34.
Ra6+ Kh5 35. Kg3 a4 36. Kh3 Nd3 37. f3 f4 38. Re8 b3 39. Rb8 b2 40. Rb5+ g5 41.
hxg5 hxg5 42. Rxa4 Nd2 43. Rd4 Nf2+ 44. Kh2 b1=Q 45. Rxb1 Nxb1 46. Kg1 Ng4 0-1

[Event "POLFINAL MISTRZOSTW POLSKI JUNIOROW 2017 - C15"]
[Site "Jastrzebia Gora"]
[Date "2017-11-19"]
[Round "7.4"]
[White "Galuszka, Tomasz"]
[Black "Kukorowski, Jan"]
[Result "1/2-1/2"]
[WhiteTitle "I"]
[BlackTitle "I"]
[WhiteElo "1976"]
[BlackElo "1797"]

1. e4 e6 2. d3 d5 3. Nd2 Nf6 4. Ngf3 b6 5. c3 c5 6. e5 Nfd7 7. d4 Be7 8. Bd3 Ba6
9. Bxa6 Nxa6 10. Qe2 c4 11. O-O b5 12. b3 Nc7 13. a4 a6 14. Ba3 O-O 15. Bxe7 Qxe7
16. b4 a5 17. Rfb1 axb4 18. Rxb4 Nb6 19. Qe3 Rxa4 20. Raxa4 Nxa4 21. Ne1 Nb6 22.
Nc2 Nc8 23. Rb2 Na7 24. Nb4 Qd7 25. Nb1 Nc6 26. Nxc6 Qxc6 27. Na3 Ra8 28. Nc2
Na6 29. Qe1 Rb8 30. Qb1 Qb6 31. g3 Nc7 32. Ra2 h6 33. Nb4 Ra8 34. Qa1 Rxa2 35.
Qxa2 Qb8 36. Qa5 Qb7 37. Kg2 Kf8 38. Nc2 Ke8 39. Na3 f6 40. f4 Kf7 41. h4 f5 42.
Kf3 Kg6 43. Nc2 Kh7 44. Nb4 Kg6 1/2-1/2

[Event "POLFINAL MISTRZOSTW POLSKI JUNIOROW 2017 - C15"]
[Site "Jastrzebia Gora"]
[Date "2017-11-19"]
[Round "7.5"]
[White "Wierzbicki, Michal"]
[Black "Golecki, Jan"]
[Result "1-0"]
[WhiteTitle "I"]
[BlackTitle "I++"]
[WhiteElo "1894"]
[BlackElo "1796"]

1. d4 d5 2. Nf3 Nc6 3. Bf4 Bg4 4. e3 e6 5. c4 Bb4+ 6. Nc3 Nf6 7. Be2 dxc4 8. Bxc4
Qe7 9. Qc2 Bxf3 10. gxf3 O-O-O 11. O-O-O Bxc3 12. Qxc3 Nd5 13. Bxd5 exd5 14. Kb1
g5 15. Bg3 f5 16. h4 h6 17. hxg5 hxg5 18. Be5 Rxh1 19. Rxh1 Nxe5 20. dxe5 Kb8
21. f4 gxf4 22. exf4 d4 23. Qd3 Qf7 24. Qxd4 Qg8 25. Qe3 b6 26. e6 Qg2 27. Rc1
Qd5 28. Qe5 Qxe5 29. fxe5 Re8 30. f4 Rxe6 31. Rg1 Re8 32. Rg6 Kc8 33. Rf6 Kd7
34. Rxf5 Ke6 35. Rf6+ Kd5 36. Rf7 c5 37. Rxa7 Rf8 38. Rd7+ Ke4 39. Rd6 Rxf4 40.
e6 Rf8 41. Rxb6 Kd5 42. a4 c4 43. a5 Re8 44. Kc2 Kc5 45. Kd2 Re7 46. Ke3 Ra7 47.
Kf4 Rxa5 48. e7 Ra8 49. Re6 Re8 50. Ke5 Kb4 51. Kf6 Kb3 52. Rb6+ Kc2 53. Kf7 1-0

[Event "POLFINAL MISTRZOSTW POLSKI JUNIOROW 2017 - C15"]
[Site "Jastrzebia Gora"]
[Date "2017-11-19"]
[Round "7.6"]
[White "Chaczynski, Kamil"]
[Black "Kulesza, Andrzej"]
[Result "0-1"]
[WhiteTitle "I"]
[BlackTitle "I"]
[WhiteElo "1649"]
[BlackElo "1784"]

1. c4 Nf6 2. Nc3 d5 3. cxd5 Nxd5 4. g3 g6 5. Bg2 Nb6 6. Nf3 Bg7 7. O-O Nc6 8. d3
O-O 9. Be3 e5 10. Bxb6 axb6 11. a3 Be6 12. Rc1 Bh6 13. e3 Qd7 14. Ne4 f6 15. Qe2
Bh3 16. Bxh3 Qxh3 17. b4 Qd7 18. Rc3 Bg7 19. b5 Ne7 20. Rfc1 c5 21. bxc6 bxc6
22. d4 f5 23. Neg5 exd4 24. exd4 c5 25. Ne5 Bxe5 26. dxe5 Rfd8 27. e6 Qd2 28.
Qe5 Qxg5 29. f4 Qh6 30. Rb3 Rd2 31. h4 Qg7 32. Qe1 Qd4+ 33. Kf1 Qd5 0-1

[Event "POLFINAL MISTRZOSTW POLSKI JUNIOROW 2017 - C15"]
[Site "Jastrzebia Gora"]
[Date "2017-11-19"]
[Round "7.7"]
[White "Distel, Pawel"]
[Black "Piekielny, Pawel"]
[Result "1/2-1/2"]
[WhiteTitle "II+"]
[BlackTitle "I"]
[WhiteElo "1573"]
[BlackElo "1805"]

1. e4 e6 2. d4 d5 3. Nc3 Nf6 4. Bg5 Be7 5. e5 Nfd7 6. h4 a6 7. Qg4 g6 8. Bxe7 Qxe7
9. h5 Nb6 10. hxg6 fxg6 11. Bd3 Qg7 12. Nf3 Nc6 13. Ng5 Ne7 14. O-O-O h6 15. Nh3
Bd7 16. Nf4 O-O-O 17. Nh5 Qf7 18. Nf6 Na4 19. Nxa4 Bxa4 20. b3 Bb5 21. Bxb5 axb5
22. Qe2 Ng8 23. Nxg8 Rdxg8 24. Qe3 g5 25. Rh3 Qe7 26. Rdh1 Qa3+ 27. Kb1 Qf8 28.
Rf3 Qg7 29. Rf6 Kd7 30. Qe2 Rf8 31. Qxb5+ Kc8 32. Rxf8+ Rxf8 33. Qe2 Qg6 34. Rh3
Rf4 35. Rf3 Qh5 36. Qb5 Rxf3 37. gxf3 Qf7 38. Qd3 h5 39. f4 gxf4 40. Qh3 f3 41.
Qh4 Kd7 42. Qg5 Qf5 43. Qg7+ Kd8 44. Qg8+ Kd7 45. Qg7+ Kd8 46. Qg8+ Ke7 47. Qc8
Kf7 48. Qxc7+ Kg6 49. Qd8 Qg5 50. Qe8+ Kf5 51. Qf7+ Ke4 52. Qxe6 Kxd4 53. Qf6
Qxe5 54. Qxf3 1/2-1/2

[Event "POLFINAL MISTRZOSTW POLSKI JUNIOROW 2017 - C15"]
[Site "Jastrzebia Gora"]
[Date "2017-11-19"]
[Round "7.8"]
[White "Ugrewicz, Ludwik"]
[Black "Zolkiewski, Jakub"]
[Result "0-1"]
[WhiteTitle "II"]
[BlackTitle "I"]
[WhiteElo "1429"]
[BlackElo "1774"]

1. e4 e6 2. d4 d5 3. Nc3 Bb4 4. exd5 exd5 5. Bd3 Ne7 6. a3 Ba5 7. Qh5 Nbc6 8. Nf3
Be6 9. Be3 Qd7 10. Ng5 g6 11. Qf3 Nf5 12. Nxe6 Qxe6 13. O-O Nxe3 14. fxe3 Bxc3
15. bxc3 f5 16. Rab1 O-O-O 17. Qe2 Rde8 18. Rf3 Rhf8 19. Re1 Qd6 20. Bb5 Re4 21.
Bxc6 Qxc6 22. Qd3 Rfe8 23. Kf2 Qd6 24. c4 dxc4 25. Qxc4 Qxh2 26. Rh3 Qd6 27. Rxh7
f4 28. Rh3 fxe3+ 29. Rexe3 Qf6+ 30. Ref3 Qxd4+ 31. Qxd4 Rxd4 32. Rd3 Rxd3 33.
Rxd3 Rd8 34. Rc3 Rd6 35. Kf3 Kd7 36. Ke4 b6 37. g4 c5 38. Kf4 Rd5 39. Rh3 g5+
40. Kf3 Kc6 41. Ke2 Rd4 42. Rg3 b5 43. Ke1 Kd5 44. Ke2 a5 45. Ke1 a4 46. c3 Re4+
47. Kd2 Kc4 48. Rg2 Rf4 49. Rg3 Kb3 50. c4+ Kxc4 51. Rc3+ Kd5 52. Rg3 Rf2+ 53.
Kc3 Ra2 54. Rd3+ Ke5 55. Re3+ Kf4 56. Re4+ Kf3 57. Re3+ Kxg4 58. Re4+ Kf5 0-1

[Event "POLFINAL MISTRZOSTW POLSKI JUNIOROW 2017 - C15"]
[Site "Jastrzebia Gora"]
[Date "2017-11-19"]
[Round "7.9"]
[White "Rogala, Milosz"]
[Black "Sloniewski, Michal"]
[Result "1/2-1/2"]
[WhiteTitle "II"]
[BlackTitle "I"]
[WhiteElo "1750"]
[BlackElo "1694"]

1. e4 d5 2. exd5 Nf6 3. Nc3 Nxd5 4. Bc4 Nb6 5. Be2 Nc6 6. Nf3 Bg4 7. d3 e6 8. Bf4
Bd6 9. Bxd6 cxd6 10. O-O O-O 11. h3 Bxf3 12. Bxf3 d5 13. d4 Rc8 14. Ne2 Nc4 15.
b3 Nd6 16. c3 b5 17. Qd2 a5 18. Rac1 Ne7 19. Nf4 Qb6 20. Nd3 Rc7 21. Nc5 Rfc8
22. Be2 Nb7 23. b4 axb4 24. cxb4 Nc6 25. Nxb7 Qxb7 26. Rc5 Na7 27. Rfc1 Rc6 28.
Rxc6 Rxc6 29. Rc5 Rxc5 30. dxc5 Nc6 31. a3 Ne5 32. Qf4 f6 33. Qe3 Kf7 34. Kf1
Nc4 35. Bxc4 bxc4 36. f4 Qa6 37. Ke1 Qa4 38. Kd2 Qd7 39. Qe2 Qa4 40. Qh5+ Kg8
41. Qe2 Kf7 42. Qf3 Kf8 43. Qe3 Kf7 44. Qf3 Qc6 45. Qh5+ Kg8 46. Qe2 Kf7 47. Qh5+
Kg8 48. Qe2 Kf7 1/2-1/2

[Event "POLFINAL MISTRZOSTW POLSKI JUNIOROW 2017 - C15"]
[Site "Jastrzebia Gora"]
[Date "2017-11-19"]
[Round "7.10"]
[White "Kopec, Norbert"]
[Black "Bojczewski, Mateusz"]
[Result "0-1"]
[WhiteTitle "II+"]
[BlackTitle "II"]
[WhiteElo "1706"]
[BlackElo "1634"]

1. e4 e5 2. Nf3 Nc6 3. Bc4 Nf6 4. Ng5 d5 5. exd5 Na5 6. Bb5+ c6 7. dxc6 bxc6 8.
Bd3 Bc5 9. O-O Nd5 10. Ne4 Bb6 11. Nbc3 Nf4 12. Be2 f5 13. Ng3 O-O 14. d3 Qh4
15. Be3 Rf6 16. Bxf4 exf4 17. Nh5 Rh6 18. Bf3 g6 19. g3 fxg3 20. hxg3 Qg5 21.
Na4 gxh5 22. Nxb6 axb6 23. Re1 Bd7 24. Re5 Re8 25. Qe2 Rhe6 26. d4 h4 27. b4 Nb7
28. Qc4 Nd6 29. Qd3 hxg3 30. Rxe6 Rxe6 31. d5 gxf2+ 32. Kxf2 Qh4+ 33. Kf1 Qh3+
34. Kf2 Ne4+ 35. Bxe4 Qh4+ 36. Kf1 Rxe4 0-1